| 000 | 00364 a2200169 4500 | ||
|---|---|---|---|
| 001 | 169857 | ||
| 020 | _a85-16-03598-0 | ||
| 040 | _cMagnum | ||
| 100 | _aCarrasco, Walcyr | ||
| 240 | 1 | 0 |
_aA corrente da vida _lpor |
| 245 | 1 | 0 | _aA corrente da vida |
| 300 | _a104 | ||
| 362 | 0 | _a2003 | |
| 440 | 1 | _aModerna | |
| 697 | _aLITERATURA INFANTO-JUVENIL | ||
| 942 | _cBK | ||
| 999 |
_c169857 _d169857 |
||